| 000 | 02042cam a22004814i 4500 | ||
|---|---|---|---|
| 003 | PE-LiUPU | ||
| 005 | 20250731184558.0 | ||
| 008 | 150706s2002 sp r 000 0 spa d | ||
| 020 | _a8497620313 | ||
| 035 | _a(Sirsi) i9788497620314 | ||
| 040 |
_aPE-LiUPU _bspa _cPE-LiUPU _erda |
||
| 049 | _aPRUA | ||
| 082 | 0 | 4 |
_a932 _bJ13 _221 |
| 100 | 1 |
_aJacq, Christian, _eautor. |
|
| 245 | 1 | 4 |
_aLos faraones explicados por Christian Jacq / _cChristian Jacq. |
| 264 | 1 |
_aBarcelona : _bEditorial Diagonal, _c2002. |
|
| 300 |
_a127 páginas : _bilustraciones ; _c31 centímetros |
||
| 336 |
_atext _2rdacontent |
||
| 337 |
_aunmediated _2rdamedia |
||
| 338 |
_avolume _2rdacarrier |
||
| 505 | 0 | _aEl país de los faraones -- ¿Quién es el faraón? -- El imperio antiguo y el principio de la gran aventura -- El imperio antiguo y la época de las grandes pirámides -- El equilibrio del imperio medio y el Egipto de Sesostris -- El imperio nuevo y la reina faraón -- El imperio nuevo y el apogeo de la XVIII dinastía -- El imperio nuevo, entre Amón y Atón -- El imperio nuevo y el siglo de Ramsés II -- El fin del gran Egipto. | |
| 526 | _aP136 | ||
| 526 | _aP135 | ||
| 526 | _aP134 | ||
| 526 | _aP133 | ||
| 526 | _aP144 | ||
| 526 | _aP143 | ||
| 526 | _aP87 | ||
| 526 | _aP35 | ||
| 526 | _aP20 | ||
| 526 | _aP14 | ||
| 526 | _aP10 | ||
| 526 | _aP06 | ||
| 541 | _g001-0000490; | ||
| 650 |
_aEgipto _xCivilización _yHasta Siglo VII. |
||
| 650 |
_aEgipto _xHistoria |
||
| 910 |
_agl _bjv _clch _d20110206 |
||
| 942 |
_2ddc _cBOOK |
||
| 949 |
_a932 J13 _wDEWEY _c1 _i62452 _d2016-9-30 _e2016-9-27 _lCCODEBUL1 _mBUL _n4 _p14.00 _r0 _sY _tBOOK _u2015-7-6 _xTEOLOGIA _PP35 _0COMPRA _o.STAFF. Colección General |
||
| 994 |
_aC0 _bPEPRU |
||
| 596 | _a1 | ||
| 999 |
_a932 J13 _wDEWEY _c51496 _i62452 _d51496 _e2022-7-10 _f2021-11-11 _g5 _lCCODEBUL1 _mBUL _n18 _p14.00 _q11 _r0 _sY _tBOOK _u2015-7-6 _xTEOLOGIA _PP35 _0COMPRA _o.STAFF. Colección Teología |
||
| 980 |
_81 _gALBERTO SANCHEZ Responsable de Automatización |
||